000 00359nam a2200145Ia 4500
008 231129s2007||||xx |||||||||||||| ||spa||
020 _a978-958-42-1750-9
040 _bspa
082 _aCo863.6 G192i
100 _aGamboa Santiago
245 0 _aLos impostores
260 _c2007
264 _aPlaneta
942 _2ddc
_cBKS
999 _c19751
_d19751